Holiday Quiz

Random Holiday or Halloween Quiz
Score 0/20 Timer 02:00
2 Plays Today
Lyric 'S' or 'M'? % Correct
Spooky, scary skeletons???
83.5%
He did the mash, he did the monster mash???
80.3%
But bags of bones seem so unsafe???
79.9%
it was a graveyard smash???
78.6%
it caught on in a flash???
77.2%
Spirits supernatural???
75.5%
And suddenly to my surprise???
75.1%
Will wake you with a boo???
75%
Seal your doom tonight???
74.2%
'When my eyes beheld an eerie sight'???
74%
Lyric 'S' or 'M'? % Correct
The party had just begun???
72.3%
And drive you so insane???
70.4%
They'll sneak from their sarcophagus???
69.9%
You only want to socialize???
68%
You'll shake and shudder in surprise???
67.9%
The scene was rockin', all were digging the sounds???
65.5%
When you hear these zombies shriek???
65.1%
The coffin-bangers were about to arrive???
62.3%
To get a jolt from my electrodes???
60.3%
Seems he was troubled by just one thing???
56.1%

You're not logged in!

Compare scores with friends on all Sporcle quizzes.
OR
Log In

Sporcle TV

Today on Sporcle TV


Watch our educational content, quiz creation guides, and fun videos on Sporcle TV.

Show Comments

Extras

Top Quizzes Today


Score Distribution

Paid Content

Your Account Isn't Verified!

In order to create a playlist on Sporcle, you need to verify the email address you used during registration. Go to your Sporcle Settings to finish the process.

Report this User

Report this user for behavior that violates our Community Guidelines.

Details: